Statistics for Straykids Song Lyrics

Click here to take the quiz!

General Stats

  • This quiz has been taken 593 times
  • The average score is 11 of 15

Answer Stats

HintAnswer% Correct
Cooking like a chef i'm a 5 star michelinGod's menu
99%
Hey you wanna come inBack door
96%
Hyunjin and Bangchan sang this songRed Lights
95%
Jingle jingle jingle all the wayChristmas evel
92%
I tighten my double knotDouble knot
91%
I'm not sorry i'm dirtyThunderous
88%
That's so easyEasy
85%
Straykids whooMiroh
76%
Their Debut songDistrict 9
74%
NA NA NA NA NA NA NA NA NA NA NA NA NA NA NA NA NAMy pace
72%
머리 아프다 (My head hurts)Side Effects
61%
Cheogyo Noona Hogshi Namja chingu...Wow
46%
I loved you loved you loved youWinter falls
29%
We turned the table likeAll in
27%
Can i call you babyMixtape
20%

Score Distribution

Percentile by Number Answered

Percent of People with Each Score

Your Score History

You have not taken this quiz